Quality of place (Record no. 106171)

MARC details
000 -LEADER
fixed length control field 01527cam a2200265 4500
001 - CONTROL NUMBER
control field ##L135726
008 - FIXED-LENGTH DATA ELEMENTS--GENERAL INFORMATION
fixed length control field 061204n2006 000 0 eng u
035 ## - SYSTEM CONTROL NUMBER
System control number (Sirsi) u135726
041 0# - LANGUAGE CODE
Language code of text/sound track or separate title eng
050 04 - LIBRARY OF CONGRESS CALL NUMBER
Classification number 333.33 $2 18
110 2# - MAIN ENTRY--CORPORATE NAME
Corporate name or jurisdiction name as entry element Llewelyn Davies Yeang
9 (RLIN) 4885
245 00 - TITLE STATEMENT
Title Quality of place
Remainder of title the North's residential offer
260 ## - PUBLICATION, DISTRIBUTION, ETC.
Place of publication, distribution, etc. London
Name of publisher, distributor, etc. Llewelyn Davies Yeang
Date of publication, distribution, etc. 2006
505 1# - FORMATTED CONTENTS NOTE
Formatted contents note Phase I report: exploring the literature - defining the relationship between QoP/RO and REC -- Phase IIa report: developing the analytical framework - a preliminary assessment of residential offer in three northern city regions
520 ## - SUMMARY, ETC.
Summary, etc. Examines the failure of Northern regions to close the gap with the national, and southern regional, economies and considers the role that urban residential quality could play in explaining and closing the gap. The phase I report provides a literature review, whilst the phase IIa report explores three key dimensions of the residential offer (range, quality and value for money) in the methodology and three case studies of city regions Manchester, Sheffield and Tees Valley. (See also L135808).
590 ## - LOCAL NOTE (RLIN)
Local note KA
651 #4 - SUBJECT ADDED ENTRY--GEOGRAPHIC NAME
Geographic name NORTHERN ENGLAND
651 #4 - SUBJECT ADDED ENTRY--GEOGRAPHIC NAME
Geographic name MANCHESTER
651 #4 - SUBJECT ADDED ENTRY--GEOGRAPHIC NAME
Geographic name SHEFFIELD
651 #4 - SUBJECT ADDED ENTRY--GEOGRAPHIC NAME
Geographic name TEES VALLEY
690 ## - LOCAL SUBJECT ADDED ENTRY--TOPICAL TERM (OCLC, RLIN)
Topical term or geographic name as entry element PROPERTY-RESIDENTIAL PROPERTY
710 2# - ADDED ENTRY--CORPORATE NAME
Corporate name or jurisdiction name as entry element Northern Way Sustainable Communities Investment Priority
856 40 - ELECTRONIC LOCATION AND ACCESS
Uniform Resource Identifier <a href="https://www.thenorthernway.co.uk/PAGE.ASP?ID=208">https://www.thenorthernway.co.uk/PAGE.ASP?ID=208</a>
Public note View the report free of charge at www.thenorthernway.co.uk...
942 ## - ADDED ENTRY ELEMENTS (KOHA)
Suppress in OPAC 0
Holdings
Withdrawn status Lost status Source of classification or shelving scheme Damaged status Not for loan Home library Current library Shelving location Date acquired Total Checkouts Full call number Barcode Date last seen Copy number Price effective from Koha item type
    Dewey Decimal Classification     Virtual Virtual Online 04/12/2006   ONLINE PUBLICATION 135726-2001 06/08/2019 1 06/08/2019 Book